[Event "Manila Pichay Cup 6th"]
[Site "Manila"]
[Date "2010.08.24"]
[Round "6"]
[White "Tirto"]
[Black "Milagrosa, Alexander"]
[Result "1-0"]
[WhiteElo "2360"]
[BlackElo "2248"]
[PlyCount "25"]
[EventDate "2010.08.21"]
[EventType "swiss"]
[EventRounds "9"]
[EventCountry "PHI"]
[SourceTitle "CBM 138 Extra"]
[Source "ChessBase"]
[SourceDate "2010.10.29"]
[SourceVersion "1"]
[SourceVersionDate "2010.10.29"]
[SourceQuality "1"]

1. e4 g6 2. d4 Bg7 3. Nc3 d6 4. f4 a6 5. Nf3 b5 6. a3 Nd7 7. e5 Bb7 8. Bd3 c5 9. Be4 Bxe4 10. Nxe4 cxd4 11. exd6 Nb6 12. a4 exd6 13. axb5 1-0

[Event "PGMA Cup 2nd"]
[Site "Manila"]
[Date "2007.11.28"]
[Round "9"]
[White "Bernales, Christy Lamiel"]
[Black "Milagrosa, Alexander"]
[Result "0-1"]
[WhiteElo "1898"]
[BlackElo "2246"]
[PlyCount "62"]
[EventDate "2007.11.22"]
[EventType "swiss"]
[EventRounds "9"]
[EventCountry "PHI"]
[SourceTitle "EXT 2009"]
[Source "ChessBase"]
[SourceDate "2008.11.26"]
[SourceVersion "1"]
[SourceVersionDate "2008.11.26"]
[SourceQuality "1"]

1. e4 c5 2. f4 e6 3. Nc3 d5 4. Bb5+ Bd7 5. Bxd7+ Qxd7 6. d3 Nc6 7. Nf3 Nge7 8. 0-0 g6 9. Qe1 Bg7 10. Bd2 0-0 11. Rd1 Nd4 12. Nxd4 cxd4 13. Ne2 Rfc8 14. Rc1 dxe4 15. dxe4 Qa4 16. Bb4 Nc6 17. Ba3 Qc4 18. Rf3 Rd8 19. Rb3 Rd7 20. Kh1 e5 21. Qf2 b5 22. Qe1 Re8 23. f5 Bh6 24. Rd1 Qxc2 25. Rh3 Bg5 26. Rhd3 b4 27. Bxb4 Nxb4 28. Qxb4 Qxe2 29. fxg6 hxg6 30. Qb5 Rdd8 31. Qb7 Rc8 0-1

[Event "PGMA Cup 2nd"]
[Site "Manila"]
[Date "2007.11.26"]
[Round "7"]
[White "Antonio, Rogelio Jr"]
[Black "Milagrosa, Alexander"]
[Result "1-0"]
[WhiteElo "2540"]
[BlackElo "2246"]
[PlyCount "55"]
[EventDate "2007.11.22"]
[EventType "swiss"]
[EventRounds "9"]
[EventCountry "PHI"]
[SourceTitle "EXT 2009"]
[Source "ChessBase"]
[SourceDate "2008.11.26"]
[SourceVersion "1"]
[SourceVersionDate "2008.11.26"]
[SourceQuality "1"]

1. e4 c5 2. Nf3 d6 3. c3 Nf6 4. Be2 Nbd7 5. d3 c4 6. d4 Nxe4 7. Bxc4 e6 8. 0-0 Be7 9. Re1 d5 10. Bd3 f5 11. c4 Ndf6 12. cxd5 exd5 13. Bb5+ Bd7 14. Bxd7+ Nxd7 15. Qb3 Nb6 16. Nc3 Nxc3 17. bxc3 0-0 18. a4 Rb8 19. Ne5 Qc7 20. Bf4 Bd6 21. a5 Nc4 22. Qb5 Nxe5 23. dxe5 Bc5 24. g3 Qc6 25. Qb3 Rbd8 26. Rad1 b6 27. Bg5 f4 28. gxf4 1-0

[Event "PGMA Cup 2nd"]
[Site "Manila"]
[Date "2007.11.25"]
[Round "5"]
[White "Milagrosa, Alexander"]
[Black "Bitoon, Richard"]
[Result "1-0"]
[WhiteElo "2246"]
[BlackElo "2402"]
[PlyCount "65"]
[EventDate "2007.11.22"]
[EventType "swiss"]
[EventRounds "9"]
[EventCountry "PHI"]
[SourceTitle "EXT 2009"]
[Source "ChessBase"]
[SourceDate "2008.11.26"]
[SourceVersion "1"]
[SourceVersionDate "2008.11.26"]
[SourceQuality "1"]

1. e4 c5 2. Nf3 e6 3. d4 cxd4 4. Nxd4 Nf6 5. Nc3 d6 6. Bc4 a6 7. Bb3 b5 8. f4 Bb7 9. f5 e5 10. Nf3 Be7 11. Qd3 Nbd7 12. Be3 Rc8 13. Nd2 0-0 14. a4 b4 15. Nd5 Bxd5 16. exd5 e4 17. Qe2 Re8 18. 0-0-0 Qc7 19. Nc4 Nc5 20. Kb1 h5 21. h3 h4 22. g4 Nh7 23. Qd2 Qd8 24. Bf4 Ng5 25. Qe3 Nf3 26. g5 Bxg5 27. Bxg5 Nxg5 28. Rhg1 f6 29. Rg4 Qd7 30. Rxh4 Rcd8 31. Rg4 Nxb3 32. cxb3 Qxf5 33. Rg3 1-0

[Event "PGMA Cup 2nd"]
[Site "Manila"]
[Date "2007.11.24"]
[Round "4"]
[White "Nava, Roderick"]
[Black "Milagrosa, Alexander"]
[Result "0-1"]
[WhiteElo "2351"]
[BlackElo "2246"]
[PlyCount "102"]
[EventDate "2007.11.22"]
[EventType "swiss"]
[EventRounds "9"]
[EventCountry "PHI"]
[SourceTitle "EXT 2009"]
[Source "ChessBase"]
[SourceDate "2008.11.26"]
[SourceVersion "1"]
[SourceVersionDate "2008.11.26"]
[SourceQuality "1"]

1. Nf3 g6 2. d4 Bg7 3. Nc3 c5 4. d5 Nf6 5. e4 0-0 6. a4 d6 7. h3 e5 8. g4 Ne8 9. Rg1 Na6 10. Bc4 Bd7 11. Bg5 f6 12. Be3 Nac7 13. Nd2 b6 14. Be2 Rf7 15. h4 Rb8 16. h5 a6 17. Qb1 Bf8 18. b3 Qe7 19. b4 Qd8 20. Ra3 b5 21. hxg6 hxg6 22. a5 Rh7 23. Nd1 Ng7 24. Rc3 Nce8 25. Nb3 cxb4 26. Rd3 f5 27. gxf5 gxf5 28. f3 Rc8 29. Bb6 Qh4+ 30. Nf2 Nf6 31. Nd2 Kf7 32. Rb3 Nfh5 33. Rxb4 Ng3 34. exf5 Qh2 35. Rxg3 Qxg3 36. Nde4 Qg1+ 37. Bf1 Bxf5 38. Nh3 Qh2 39. Nhg5+ Kg6 40. Nxh7 Kxh7 41. c4 Be7 42. Bf2 Bh4 43. Qc2 Kh8 44. Qd2 Bxe4 45. fxe4 Kg8 46. Rb2 Rf8 47. Qe3 bxc4 48. Bxc4 Qh1+ 49. Bf1 Rf4 50. Qa7 Qxe4+ 51. Re2 Bxf2+ 0-1

[Event "PHI-ch"]
[Site "Makati"]
[Date "2002.04.28"]
[Round "3"]
[White "Milagrosa, Alexander"]
[Black "Gomez, John Paul"]
[Result "1/2-1/2"]
[WhiteElo "2245"]
[BlackElo "2314"]
[PlyCount "129"]
[EventDate "2002.04.27"]
[EventType "tourn"]
[EventRounds "15"]
[EventCountry "PHI"]
[EventCategory "5"]
[SourceTitle "CBM 088 Extra"]
[Source "ChessBase"]
[SourceDate "2002.07.01"]
[SourceVersion "2"]
[SourceVersionDate "2002.07.01"]
[SourceQuality "1"]

1. e4 c5 2. Nf3 d6 3. d4 cxd4 4. Nxd4 Nf6 5. Nc3 g6 6. Be3 Bg7 7. f3 0-0 8. Qd2 Nc6 9. Bc4 Bd7 10. h4 Ne5 11. Bb3 h5 12. Bh6 Rc8 13. Bxg7 Kxg7 14. 0-0-0 Rh8 15. Rhe1 Qa5 16. f4 Neg4 17. Nf3 Rc5 18. Qd4 Bc6 19. e5 dxe5 20. fxe5 Nh7 21. Ne4 Bxe4 22. Rxe4 e6 23. Kb1 Rhc8 24. a3 R5c7 25. Rf4 Nh6 26. Qf2 Nf5 27. Ra4 Qb6 28. Qxb6 axb6 29. Rb4 Ne3 30. Rd2 Rc6 31. Nd4 Rc5 32. Rxb6 R8c7 33. Nf3 Nf8 34. Rbd6 Ng4 35. Ba4 Nxe5 36. Nxe5 Rxe5 37. b4 Re4 38. g3 e5 39. Bb3 Re7 40. b5 Re1+ 41. Rd1 Rxd1+ 42. Rxd1 e4 43. a4 b6 44. Rd6 e3 45. Bc4 Nd7 46. Be2 Kf8 47. c4 Ke8 48. Kc2 Re5 49. Kc3 Ke7 50. Rc6 Rc5 51. a5 bxa5 52. Ra6 Rf5 53. Kd4 Nc5 54. Rc6 a4 55. Kxe3 a3 56. Rc7+ Kd6 57. Ra7 Re5+ 58. Kf3 Nb3 59. Bd3 Nd2+ 60. Kf2 Kc5 61. Rxa3 Nxc4 62. Rc3 Kd4 63. Rxc4+ Kxd3 64. Rb4 Kc3 65. Rb1 1/2-1/2

[Event "PHI-ch"]
[Site "Makati"]
[Date "2002.04.27"]
[Round "1"]
[White "Milagrosa, Alexander"]
[Black "Bancod, Ronald"]
[Result "1/2-1/2"]
[WhiteElo "2245"]
[BlackElo "2356"]
[PlyCount "119"]
[EventDate "2002.04.27"]
[EventType "tourn"]
[EventRounds "15"]
[EventCountry "PHI"]
[EventCategory "5"]
[SourceTitle "CBM 088 Extra"]
[Source "ChessBase"]
[SourceDate "2002.07.01"]
[SourceVersion "2"]
[SourceVersionDate "2002.07.01"]
[SourceQuality "1"]

1. e4 c5 2. Nf3 Nc6 3. d4 cxd4 4. Nxd4 g6 5. Nc3 Bg7 6. Be3 Nf6 7. Bc4 0-0 8. Bb3 d6 9. f3 Bd7 10. Qd2 Qa5 11. h4 Rfc8 12. h5 Nxh5 13. Nde2 Be6 14. 0-0-0 Nb4 15. Kb1 Ng3 16. a3 Nxe2 17. Qxe2 Bxb3 18. cxb3 Bxc3 19. axb4 Qxb4 20. bxc3 Rxc3 21. Bd4 Rxb3+ 22. Bb2 Rc8 23. Rc1 Rc6 24. Rxc6 bxc6 25. Rc1 c5 26. Ka1 a5 27. Rc2 a4 28. Qa6 f6 29. Qc4+ Kf8 30. Qxb4 cxb4 31. Bc1 h5 32. Rb2 Rc3 33. Bd2 Rd3 34. Bxb4 h4 35. Rf2 Kf7 36. Bd2 g5 37. Kb2 Ke6 38. Kc2 Rb3 39. Rf1 Ke5 40. f4+ gxf4 41. Rxf4 Rg3 42. Rxh4 Rxg2 43. Kd3 a3 44. Rh5+ Ke6 45. Ra5 Rf2 46. Rxa3 Rf3+ 47. Be3 f5 48. exf5+ Rxf5 49. Ra7 Rh5 50. Ke4 Kf6 51. Bd4+ e5 52. Bf2 Rh2 53. Be3 Ke6 54. Ra6 Rh4+ 55. Kd3 Kd5 56. Ra5+ Ke6 57. Ra6 Kd5 58. Ra5+ Ke6 59. Ra6 Kd5 60. Ra5+ 1/2-1/2

[Event "Shell Mixed Masters op"]
[Site "Philippines"]
[Date "1997.??.??"]
[Round "8"]
[White "Milagrosa, Alexander"]
[Black "Garma, Edgardo"]
[Result "0-1"]
[WhiteElo "2245"]
[BlackElo "2375"]
[PlyCount "82"]
[EventDate "1997.??.??"]
[EventType "swiss"]
[EventRounds "9"]
[EventCountry "PHI"]
[SourceTitle "EXT 2001"]
[Source "ChessBase"]
[SourceDate "2000.11.22"]
[SourceVersion "1"]
[SourceVersionDate "2000.11.22"]
[SourceQuality "1"]

1. e4 d5 2. exd5 Qxd5 3. Nc3 Qa5 4. d4 Nf6 5. Nf3 Bg4 6. h3 Bh5 7. g4 Bg6 8. Ne5 e6 9. Nc4 Qa6 10. Ne5 Qb6 11. a3 Nbd7 12. Nxg6 hxg6 13. Bg2 0-0-0 14. 0-0 e5 15. Be3 Qa6 16. Qf3 exd4 17. Bxd4 c5 18. Be3 Ne5 19. Qg3 Nc6 20. Bf4 Nd4 21. b4 Qc4 22. Rfe1 a6 23. Bb8 cxb4 24. Na4 Nd7 25. Bd5 Rxh3 26. Bxc4 Rxg3+ 27. Bxg3 b5 28. Bd3 Nf3+ 29. Kf1 Nxe1 30. Kxe1 Re8+ 31. Kd1 bxa4 32. Bxa6+ Kd8 33. Rb1 bxa3 34. Bc4 Bc5 35. Bxf7 Re4 36. f3 Re3 37. Bd5 Nb6 38. Be4 Bd4 39. Rxb6 Bxb6 40. Be5 a2 41. Bxg7 Ra3 0-1

[Event "Greenhills op"]
[Site "Greenhills"]
[Date "1989.??.??"]
[Round "?"]
[White "Wang, Zili"]
[Black "Milagrosa, Alexander"]
[Result "1-0"]
[WhiteElo "2550"]
[BlackElo "2245"]
[PlyCount "103"]
[EventDate "1989.07.??"]
[EventType "swiss"]
[EventRounds "12"]
[EventCountry "PHI"]
[SourceTitle "EXT 2010"]
[Source "ChessBase"]
[SourceDate "2010.11.25"]
[SourceVersion "1"]
[SourceVersionDate "2010.11.25"]
[SourceQuality "1"]

1. e4 c5 2. Nc3 d6 3. Nge2 a6 4. d4 cxd4 5. Nxd4 Nf6 6. Be2 e6 7. 0-0 Be7 8. f4 Qc7 9. Be3 0-0 10. Bf3 Nc6 11. Nxc6 bxc6 12. Na4 Nd7 13. c4 Bb7 14. Qd2 c5 15. Rad1 Rfd8 16. Kh1 Nb8 17. Qf2 Qa5 18. b3 Nd7 19. Bd2 Qc7 20. Qe1 Rdc8 21. Ba5 Qb8 22. Qg3 Ra7 23. Rd3 Bc6 24. Bc3 Bf8 25. e5 d5 26. cxd5 Bb5 27. Be4 Bxd3 28. Qxd3 g6 29. dxe6 fxe6 30. Qh3 Re8 31. Qg4 Bg7 32. h4 Qb5 33. Rd1 c4 34. Rd6 cxb3 35. Bc6 Qf1+ 36. Kh2 Re7 37. axb3 Nf8 38. Nc5 Qc1 39. Bd4 Rac7 40. Qf3 a5 41. Qe3 Qf1 42. Qf2 Qc1 43. Bb5 Rf7 44. Nd3 Qd1 45. Nc5 Rxc5 46. Bxc5 Qxb3 47. Be8 Rf5 48. g4 Rxf4 49. Qxf4 Qc2+ 50. Qf2 Bxe5+ 51. Kg2 Qc4 52. Qf7+ 1-0